Ší`a dvanástich imámov a jej vplyv na sociálno-ekonomické postavenie Iránskej islamskej republiky dizertačná práca

Na minha lista:
Detalhes bibliográficos
Autor principal: Dančo, Ján, 1996-
Autor Corporativo: Fakulta medzinárodných vzťahov EU. Katedra medzinárodných politických vzťahov
Outros Autores: Čech, Ľubomír, 1955-
Formato: Livro
Idioma:eslovaco
Publicado em: Bratislava 2024
Assuntos:
Tags: Adicionar Tag
Sem tags, seja o primeiro a adicionar uma tag!

MARC

LEADER 00000nbm a2200000 4500
001 0304048
005 20250204081347.4
041 0 |a slo 
044 |a SK 
245 1 0 |a Ší`a dvanástich imámov a jej vplyv na sociálno-ekonomické postavenie Iránskej islamskej republiky  |b dizertačná práca  |c Ján Dančo ; školiteľ: Ľubomír Čech 
264 1 |a Bratislava  |c 2024 
300 |a 127 s. 
610 2 0 |a postavenie sociálne 
610 2 0 |a ekonomika 
610 2 0 |a politika 
610 2 0 |a islam 
610 2 0 |a Irán 
100 1 |a Dančo, Ján, 1996- 
700 1 |a Čech, Ľubomír, 1955- 
710 2 |a Fakulta medzinárodných vzťahov EU. Katedra medzinárodných politických vzťahov